000
00320pam a2200133a 44500
008
230405s2005 xxu||||| |||| 00| 0 eng d
041
_a
ENG
100
_a
BECKETT / STENLAKE
245
_a
PRACTICAL PHARMACEUTICAL CHEMISTRY
250
_a
4
260
_a
_b
CBS PUBLISHERS DELHI
_c
2005
300
_a
326
906
_a
4937
999
_c
270376
_d
270376